| 000 | 00435nam a22001457a 4500 | ||
|---|---|---|---|
| 008 | 250522b |||||||| |||| 00| 0 eng d | ||
| 020 | _a9788123918303 | ||
| 050 |
_aTD195 _b.H36 |
||
| 100 | _aHanley,n. | ||
| 245 | _apollution control in chemical and allied industries | ||
| 250 | _a1st | ||
| 260 |
_aNew Delhi _bCBS publishers & distributoors pvt itd _c2010 |
||
| 650 | _apetroleum industry & trade-environmental aspects | ||
| 942 | _cBK | ||
| 999 |
_c3594 _d3594 |
||